Designed to win : Strategies for building a thriving global business

Kaydedildi:
Detaylı Bibliyografya
Yazar:  Yoshihara, Hiroaki
Materyal Türü: Sách
Dil:Undetermined
Baskı/Yayın Bilgisi:  McGraw-Hill  2006
Konular:
Etiketler: Etiketle
Etiket eklenmemiş, İlk siz ekleyin!
Thư viện lưu trữ: Trung tâm Thư viện - Trường Đại học Công nghiệp TP. Hồ Chí Minh
LEADER 00526nam a2200157Ia 4500
001 UIH_05248
008 231011s9999 xx 000 0 und d
082 |a  658.4 
100 |a  Yoshihara, Hiroaki 
245 0 |a  Designed to win : Strategies for building a thriving global business 
245 0 |c  Yoshihara, Hiroaki 
260 |b  McGraw-Hill 
260 |c  2006 
650 |a  Chiến lược kinh doanh;  
927 |a Sách 
980 |a Trung tâm Thư viện - Trường Đại học Công nghiệp TP. Hồ Chí Minh